<?xml version="1.0" encoding="UTF-8"?>
<collection xmlns="http://www.loc.gov/MARC21/slim">
<record>
  <controlfield tag="001">145453</controlfield>
  <controlfield tag="005">20241220120717.0</controlfield>
  <datafield tag="024" ind1="7" ind2=" ">
    <subfield code="2">doi</subfield>
    <subfield code="a">10.1080/14650045.2024.2409857</subfield>
  </datafield>
  <datafield tag="024" ind1="8" ind2=" ">
    <subfield code="2">sideral</subfield>
    <subfield code="a">140324</subfield>
  </datafield>
  <datafield tag="037" ind1=" " ind2=" ">
    <subfield code="a">ART-2025-140324</subfield>
  </datafield>
  <datafield tag="041" ind1=" " ind2=" ">
    <subfield code="a">eng</subfield>
  </datafield>
  <datafield tag="100" ind1=" " ind2=" ">
    <subfield code="a">Cobarrubias, Sebastian</subfield>
    <subfield code="0">(orcid)0000-0003-0337-8271</subfield>
  </datafield>
  <datafield tag="245" ind1=" " ind2=" ">
    <subfield code="a">Embedding Externalisation: How Bordering Practices Transform Places</subfield>
  </datafield>
  <datafield tag="260" ind1=" " ind2=" ">
    <subfield code="c">2025</subfield>
  </datafield>
  <datafield tag="520" ind1="3" ind2=" ">
    <subfield code="a">Over the past twenty years, research into border externalisation has developed a rich spatial vocabulary to understand these bordering practices as well as critical analyses that challenge the often North-centric views towards externalisation. In this Special Issue, we emphasise that a place-based gaze can lend new mileage to border externalisation research. We emphasise that the place has been under-theorised and under examined in its relation to border externalisation. Existing work often has an implicit framing that understands externalisation as part of a migrant vs. border dialectic, or as part of geopolitical relations between states. By focusing on place, we argue that border externalisation: generates new contexts by connecting previously disparate sites into a border continuum; is place dependent, as its different forms are contingent on situated dynamics; and is place transformative, the border changes the social dynamics of the places where it is implemented.</subfield>
  </datafield>
  <datafield tag="540" ind1=" " ind2=" ">
    <subfield code="9">info:eu-repo/semantics/closedAccess</subfield>
    <subfield code="a">All rights reserved</subfield>
    <subfield code="u">http://www.europeana.eu/rights/rr-f/</subfield>
  </datafield>
  <datafield tag="655" ind1=" " ind2="4">
    <subfield code="a">info:eu-repo/semantics/article</subfield>
    <subfield code="v">info:eu-repo/semantics/publishedVersion</subfield>
  </datafield>
  <datafield tag="700" ind1=" " ind2=" ">
    <subfield code="a">Novak, Paolo</subfield>
  </datafield>
  <datafield tag="773" ind1=" " ind2=" ">
    <subfield code="g">30, 1 (2025), 1-18</subfield>
    <subfield code="p">Geopolitics</subfield>
    <subfield code="t">Geopolitics</subfield>
    <subfield code="x">1465-0045</subfield>
  </datafield>
  <datafield tag="856" ind1="4" ind2=" ">
    <subfield code="s">662867</subfield>
    <subfield code="u">http://zaguan.unizar.es/record/145453/files/texto_completo.pdf</subfield>
    <subfield code="y">Versión publicada</subfield>
  </datafield>
  <datafield tag="856" ind1="4" ind2=" ">
    <subfield code="s">789269</subfield>
    <subfield code="u">http://zaguan.unizar.es/record/145453/files/texto_completo.jpg?subformat=icon</subfield>
    <subfield code="x">icon</subfield>
    <subfield code="y">Versión publicada</subfield>
  </datafield>
  <datafield tag="909" ind1="C" ind2="O">
    <subfield code="o">oai:zaguan.unizar.es:145453</subfield>
    <subfield code="p">articulos</subfield>
    <subfield code="p">driver</subfield>
  </datafield>
  <datafield tag="951" ind1=" " ind2=" ">
    <subfield code="a">2024-12-20-12:05:35</subfield>
  </datafield>
  <datafield tag="980" ind1=" " ind2=" ">
    <subfield code="a">ARTICLE</subfield>
  </datafield>
</record>
</collection>